000
00350nam a22001217a 4500
040
_c
SK
082
_a
378
100
_a
NGO BUNTHAN
245
_a
ការអភិវឌ្ឍន៏ជំនាញគរុកោសល្យ សម្របសម្រួលនិងការចរចា
260
_a
RUA
_b
NGO
_c
2008
300
_a
53p.
942
_c
EK
999
_c
9963
_d
9963